|
|
|
|
| LEADER |
00000cam a2200000 7i4500 |
| 001 |
0000003402 |
| 005 |
20051216.0 |
| 020 |
0 |
0 |
|a 9839269224 (v. II)
|
| 090 |
0 |
0 |
|a JPSM354.5509595
|b MAL 2003
|
| 110 |
1 |
0 |
|a MALAYSIA
|c Jabatan Perhutanan Semenanjung Malaysia
|
| 245 |
1 |
0 |
|a Manual perhutanan 2003 (Jilid II)
|c Jabatan Perhutanan Semenanjung Malaysia
|
| 260 |
0 |
0 |
|a Kuala Lumpur :
|b Jabatan Perhutanan Semenanjung Malaysia ,
|c 2003
|
| 300 |
|
|
|a v. ;
|c 25 cm.
|
| 610 |
1 |
0 |
|a Jabatan Perhutanan Semenanjung Malaysia
|x Administration
|x Handbooks, manuals, etc.
|
| 610 |
1 |
0 |
|a Jabatan Perhutanan Semenanjung Malaysia
|x Job descriptions
|
| 650 |
0 |
0 |
|a Forest policy
|z Peninsular Malaysia
|
| 650 |
0 |
0 |
|a Forests and forestry
|z Peninsular Malaysia
|x Handbooks, manuals, etc.
|
| 998 |
|
|
|a JPSM
|
| 999 |
|
|
|a 0000004918
|b Monograph
|c Open Shelf
|e Default branch
|
| 999 |
|
|
|a 0000004919
|b Monograph
|c Open Shelf
|e Default branch
|
| 999 |
|
|
|a 0000005071
|b Monograph
|c Open Shelf
|e Default branch
|
| 999 |
|
|
|a 0000005072
|b Monograph
|c Open Shelf
|e Default branch
|
| 999 |
|
|
|a 0000005073
|b Monograph
|c Open Shelf
|e Default branch
|